|
|
|
|
| LEADER |
00000nam0a2200000 4500 |
| 001 |
110114 |
| 005 |
20231031120323.0 |
| 010 |
|
|
|a 5699099808
|
| 035 |
|
|
|a (RuTPU)RU\TPU\book\118918
|
| 090 |
|
|
|a 110114
|
| 100 |
|
|
|a 20070219d2005 km y0rusy50 ca
|
| 101 |
1 |
|
|a rus
|c bul
|
| 102 |
|
|
|a RU
|
| 105 |
|
|
|a a z 001zy
|
| 200 |
1 |
|
|a Гармония в рекламной коммуникации
|e пер. с болг.
|f Х. Кафтанджиев
|
| 210 |
|
|
|a Москва
|c Эксмо
|d 2005
|
| 215 |
|
|
|a 368 с.
|c ил.
|
| 225 |
1 |
|
|a Профессиональные издания для бизнеса
|
| 320 |
|
|
|a Библиогр.: с. 352-356.
|
| 320 |
|
|
|a Предметный указатель: с. 357-366.
|
| 330 |
|
|
|a Впервые реклама рассмотрена с точки зрения самой универсальной модели коммуникации: адресат, адресант, канал коммуникации, код, сообщение и т.д. В обширной интернациональной библиотеке по общей теории рекламы вы не встретите трудов со схожей структурой. Книга не дает готовых застывших рецептов «рекламной гармонии», а учит подходить к рекламе, стараясь поддерживать в равновесии всегда уникальные коммуникативные компоненты. Она будет интересна всем, кто зарабатывает себе на хлеб коммуникацией, — рекламистам, филологам, социологам, психологам, художникам, маркетологам, политологам, учителям, журналистам.
|
| 610 |
1 |
|
|a реклама
|
| 610 |
1 |
|
|a рекламные коммуникации
|
| 610 |
1 |
|
|a теория
|
| 610 |
1 |
|
|a потребители
|
| 610 |
1 |
|
|a товары
|
| 610 |
1 |
|
|a каналы
|
| 610 |
1 |
|
|a рекламные тексты
|
| 610 |
1 |
|
|a коммуникационные стратегии
|
| 675 |
|
|
|a 659
|v 3
|
| 700 |
|
1 |
|a Кафтанджиев
|b Х.
|g Христо
|
| 801 |
|
1 |
|a RU
|b 63413507
|c 20070219
|g PSBO
|
| 801 |
|
2 |
|a RU
|b 63413507
|c 20150707
|g PSBO
|
| 942 |
|
|
|c BK
|
| 959 |
|
|
|a 20/20070219
|d 2
|e 215,39
|f АНЛ:1
|f ЧЗГЛ:1
|